[Event "Match"]
[Site "www.echecsemail.com"]
[Date "2015.10.16"]
[Round "1"]
[White "Carazo"]
[Black "Cristiano"]
[WhiteElo "1860"]
[BlackElo "1980"]
[Result "0-1"]
[Round "1"]
1.e4 c5
2.Ng1f3 d6
3.Bf1c4 e6
4.d4 cxd4
5.Qd1xd4 Nb8c6
6.Qd4c3 a6
7.Bc1g5 f6
8.Bg5h4 Bf8e7
9.Nb1d2 Bc8d7
10.O-O-O Ng8h6
11.Qc3b3 Nc6a5
12.Qb3c3 Ra8c8
13.Qc3d3 Na5xc4
14.Nd2xc4 Nh6f7
15.e5 d5
16.Nc4e3 Bd7b5
17.Qd3b3 Qd8c7
18.Rd1d2 fxe5
19.Bh4xe7 Qc7xe7
20.h4 h6
21.a4 Bb5c6
22.Ne3g4 Qe7c7
23.Rh1e1 e4
24.Nf3d4 Bc6d7
25.Re1e3 h5
26.Re3c3 Qc7b8
27.Ng4e3 Rc8xc3
28.bxc3 O-O
29.g4 hxg4
30.Ne3xg4 Qb8c8
31.f3 e5
32.Nd4e2 exf3
33.Ne2g1 Bd7xg4
34.Rd2f2 Qc8c5
35.Rf2f1 Qc5e3
36.Kb2 f2
37.c4 d4
38.Qb3xb7 Qe3c3
39.Kb1 fxg1Q
40.Rf1xg1 Bg4f5
41.Qb7g2 Rf8b8
42.Kc1 Qc3e3
{ resign }
0-1

[Event "Match"]
[Site "www.echecsemail.com"]
[Date "2015.10.16"]
[Round "1"]
[White "Thonix15"]
[Black "Hardland"]
[WhiteElo "1809"]
[BlackElo "1710"]
[Result "0-1"]
[Round "1"]
1.e4 c5
2.Ng1f3 Nb8c6
3.Bf1b5 Ng8f6
4.e5 Nf6d5
5.Bb5xc6 bxc6
6.O-O Bc8a6
7.d3 e6
8.Nb1d2 g6
 { time }
0-1

[Event "Match"]
[Site "www.echecsemail.com"]
[Date "2015.10.16"]
[Round "1"]
[White "Norbos"]
[Black "Fabos12"]
[WhiteElo "1530"]
[BlackElo "1670"]
[Result "1-0"]
[Round "1"]
1.e4 Nb8c6
2.d3 e5
3.Ng1f3 d6
4.Bc1g5 Ng8f6
5.Nb1c3 h6
6.Bg5xf6 gxf6
7.Nc3d5 Bc8e6
8.c4 Nc6e7
9.Nd5xf6 
1-0

[Event "Match"]
[Site "www.echecsemail.com"]
[Date "2015.10.16"]
[Round "1"]
[White "Emerchess"]
[Black "Crush"]
[WhiteElo "1299"]
[BlackElo "1570"]
[Result "1-0"]
[Round "1"]
1.e4 e5
2.Ng1f3 Nb8c6
3.Bf1c4 Qd8e7
4.O-O Ng8f6
5.d4 exd4
6.Nf3xd4 Nc6xd4
7.Qd1xd4 Nf6xe4
8.Rf1e1 f5
9.f3 Qe7b4
10.c3 Qb4a4
11.Bc4f7 Kxf7
12.Qd4xa4 b6
13.fxe4 fxe4
14.Re1f1 Ke8
15.Qa4xe4 Bf8e7
16.Bc1g5 c5
17.Qe4xe7 
1-0

[Event "Match"]
[Site "www.echecsemail.com"]
[Date "2015.10.16"]
[Round "1"]
[White "Billyg"]
[Black "Lino"]
[WhiteElo "1640"]
[BlackElo "1799"]
[Result "0-1"]
[Round "1"]
1.e4 c5
2.d4 cxd4
3.Qd1xd4 Nb8c6
4.Qd4d1 Ng8f6
5.f3 e6
6.Bc1g5 Qd8b6
7.b3 Bf8c5
8.Ng1h3 d5
9.Bg5xf6 gxf6
10.exd5 exd5
11.Nb1c3 Bc5b4
12.Qd1e2 Bc8e6
13.O-O-O Bb4xc3
14.Rd1xd5 Qb6b4
15.Kb1 Qb4a3
{ resign }
0-1

[Event "Match"]
[Site "www.echecsemail.com"]
[Date "2015.10.16"]
[Round "1"]
[White "Lorenatache"]
[Black "Mdesouza"]
[WhiteElo "1809"]
[BlackElo "2210"]
[Result "0-1"]
[Round "1"]
1.d4 Ng8f6
2.c4 e6
3.Ng1f3 d5
4.Bc1g5 Bf8e7
5.e3 O-O
6.Nb1c3 h6
7.Bg5xf6 Be7xf6
8.Ra1c1 c6
9.Bf1d3 Nb8d7
10.O-O dxc4
 { time }
0-1

[Event "Match"]
[Site "www.echecsemail.com"]
[Date "2015.10.16"]
[Round "1"]
[White "Gegonz"]
[Black "Pariolinius"]
[WhiteElo "1770"]
[BlackElo "1960"]
[Result "0-1"]
[Round "1"]
1.Ng1f3 Ng8f6
2.b3 d5
3.e3 Nb8c6
4.Bc1b2 Bc8g4
5.Bf1e2 e6
6.O-O Bf8e7
7.d3 O-O
8.Nb1d2 Be7d6
 { time }
0-1

[Event "Match"]
[Site "www.echecsemail.com"]
[Date "2015.10.16"]
[Round "1"]
[White "Pinehill"]
[Black "Gegonz"]
[WhiteElo "2010"]
[BlackElo "1770"]
[Result "1-0"]
[Round "1"]
1.e4 c5
2.Ng1f3 d6
3.d4 cxd4
4.Nf3xd4 Ng8f6
5.Nb1c3 Nb8c6
6.Bc1e3 e5
7.Nd4f3 Bc8g4
8.Bf1e2 Bf8e7
9.O-O O-O
10.h3 Bg4e6
11.Nf3e1  { time }
1-0

[Event "Match"]
[Site "www.echecsemail.com"]
[Date "2015.10.16"]
[Round "1"]
[White "Ericleo1980"]
[Black "Churrasca"]
[WhiteElo "2260"]
[BlackElo "2180"]
[Result "1-0"]
[Round "1"]
1.e4 c5
2.Ng1f3 d6
3.d4 cxd4
4.Nf3xd4 Ng8f6
5.Nb1c3 g6
6.Bc1e3 Bf8g7
7.f3 O-O
8.Qd1d2 Nb8c6
9.Bf1c4 Bc8d7
10.O-O-O Ra8c8
11.Bc4b3 Nc6e5
12.g4 Ne5c4
13.Bb3xc4 Rc8xc4
14.h4 Qd8c7
15.h5 Rf8c8
16.hxg6 fxg6
17.Nd4e2 b5
18.Kb1 b4
19.Nc3d5 Nf6xd5
20.Qd2xd5 Kh8
21.Rh1xh7 Kxh7
22.Rd1h1 Bg7h6
23.Qd5f7 { resign }
1-0

[Event "Match"]
[Site "www.echecsemail.com"]
[Date "2015.10.16"]
[Round "1"]
[White "Manolinex"]
[Black "Krystek23"]
[WhiteElo "2820"]
[BlackElo "2380"]
[Result "1-0"]
[Round "1"]
1.g3 Nb8c6
2.d4 d5
3.Ng1f3 f6
4.c4 e5
5.dxe5 Nc6xe5
6.cxd5 Ne5xf3
7.exf3 Bf8b4
8.Nb1c3 c6
9.Qd1b3 Qd8e7
10.Bc1e3 Bb4xc3
11.bxc3 cxd5
12.Qb3xd5 Bc8e6
13.Qd5e4 Ra8c8
14.Ra1b1 b6
15.Bf1a6 Rc8c7
16.O-O Kf7
17.Be3f4 f5
18.Qe4a8 Rc7d7
19.Rf1d1 Rd7xd1
20.Rb1xd1 h6
21.Ba6c8 Be6xc8
22.Qa8xc8 Qe7e6
23.Qc8d8 g5
24.Rd1d6 Qe6e1
25.Kg2 gxf4
26.Rd6d7 Ng8e7
27.Qd8xh8 fxg3
28.hxg3 Qe1e6
29.Rd7d8 Ne7g6
30.Qh8h7 Kf6
31.Qh7xh6 Ke5
32.Qh6g7 { resign }
1-0

[Event "1/8 Finale"]
[Site "www.chess-mail.com"]
[Date "2015.10.16"]
[Round "1"]
[White "Guidom"]
[Black "Fjpv"]
[WhiteElo "2150"]
[BlackElo "2680"]
[Result "0-1"]
[Round "1"]
1.e4 e5
2.Ng1f3 Ng8f6
3.Nb1c3 Nb8c6
4.d3 d5
5.exd5 Nf6xd5
6.Nc3xd5 Qd8xd5
7.Bc1e3 Bf8e7
8.Bf1e2 Bc8f5
9.O-O O-O
10.Nf3d2 Nc6d4
11.Nd2b3 Nd4xe2
12.Qd1xe2 b6
13.Nb3d2 Bf5e6
14.Rf1e1 Qd5c6
15.Nd2e4 Ra8e8
16.Ne4g5 Be6c8
17.Ng5f3 Bc8b7
18.Re1d1 f5
19.c3 Qc6g6
20.Nf3e1 f4
21.Be3d2 f3
22.Qe2f1 fxg2
23.Qf1e2 e4
24.d4 Be7d6
25.Bd2e3 Bd6xh2
{ resign }
0-1

[Event "Eq:Los Tercios-La Taverne : "]
[Site "www.chess-mail.com"]
[Date "2015.10.16"]
[Round "1"]
[White "Vasylpuzanov"]
[Black "Gilliere"]
[WhiteElo "2280"]
[BlackElo "1800"]
[Result "1-0"]
[Round "1"]
1.e4 e5
2.f4 d6
3.Ng1f3 Bc8g4
4.Bf1c4 Ng8f6
5.d3 Nb8c6
6.O-O Nc6d4
7.Nb1d2 exf4
8.c3 Nd4xf3
9.Nd2xf3 a6
10.Bc1xf4 Bf8e7
11.h3 Bg4xf3
12.Qd1xf3 Ra8b8
13.Ra1e1 O-O
14.Bc4b3 Nf6d7
15.d4 Rf8e8
16.Bf4g3 Re8f8
17.e5 dxe5
18.Bg3xe5 Nd7f6
19.Qf3g3 g6
20.Qg3f3 Nf6d7
21.Bb3xf7 Rf8xf7
22.Qf3xf7 
1-0

[Event "Eq:Team USA-Los Tercios : "]
[Site "www.chess-mail.com"]
[Date "2015.10.16"]
[Round "1"]
[White "Uji40"]
[Black "Julianlore"]
[WhiteElo "1950"]
[BlackElo "2610"]
[Result "0-1"]
[Round "1"]
1.e4 c5
2.Ng1f3 Nb8c6
3.d4 cxd4
4.Nf3xd4 e6
5.a3 Ng8f6
6.Nb1c3 Bf8e7
7.Bf1e2 O-O
8.O-O d6
9.Nd4f3 a6
10.Rf1e1 b5
11.b4 Bc8b7
12.Be2d3 Nf6d7
13.Bc1b2 Qd8b6
14.Nc3e2 Nc6e5
15.Nf3xe5 Nd7xe5
16.Bb2d4 Qb6c7
17.Ra1c1 Ra8c8
18.Qd1d2 Rf8d8
19.h3 Ne5c4
20.Qd2c3 e5
21.Bd4e3 Nc4xe3
22.fxe3 Qc7xc3
23.Ne2xc3 Rc8xc3
24.Rc1a1 f5
25.Re1c1 fxe4
26.Bd3e2 Be7g5
27.Kf1 Bg5xe3
28.Rc1d1 Rc3xc2
29.Be2g4 Rd8f8
30.Ke1 Be3f2
31.Kf1 Bf2d4
{ resign }
0-1

[Event "Eq:Slap Shot Mates-La Taverne : "]
[Site "www.chess-mail.com"]
[Date "2015.10.16"]
[Round "1"]
[White "Guidom"]
[Black "Sebolix"]
[WhiteElo "2140"]
[BlackElo "2670"]
[Result "0-1"]
[Round "1"]
1.e4 e6
2.d4 d5
3.exd5 exd5
4.Bc1f4 Nb8c6
5.c3 Bf8d6
6.Bf4g3 Ng8f6
7.Ng1f3 O-O
8.Bf1e2 Rf8e8
9.O-O Bd6xg3
10.hxg3 Bc8f5
11.Nb1d2 Qd8d6
12.Nf3h4 Bf5g6
13.Be2f3 Bg6d3
14.Rf1e1 Re8xe1
15.Qd1xe1 Ra8e8
16.Qe1d1 g5
17.Nd2b3 gxh4
18.Qd1xd3 hxg3
19.Qd3f5 gxf2
20.Kxf2 Nc6e7
21.Qf5g5 Ne7g6
22.Ra1h1 Qd6f4
23.Qg5xf4 Ng6xf4
24.Rh1d1 b6
25.a4 Nf6e4
26.Bf3xe4 Re8xe4
27.Rd1d2 Kg7
28.a5 Kg6
29.g3 Nf4e6
30.axb6 axb6
31.Nb3c1 Ne6g5
32.Rd2e2 Kf5
33.Re2xe4 Kxe4
34.Ke2 Ng5e6
35.Nc1d3 f6
36.Nd3f2 Kf5
37.Ke3 h5
38.Kf3 Ne6g5
39.Ke3 Ng5e4
40.Nf2xe4 dxe4
41.c4 Kg4
42.Kxe4 Kxg3
43.b4 h4
44.c5 h3
45.d5 h2
46.d6 cxd6
47.cxd6 h1Q
48.Kf5 Qh1d5
{ resign }
0-1

[Event "Tourn. n8293"]
[Site "www.chess-mail.com"]
[Date "2015.10.17"]
[Round "1"]
[White "Nimzo"]
[Black "Rons"]
[WhiteElo "2720"]
[BlackElo "2540"]
[Result "1-0"]
[Round "1"]
1.Ng1f3 Ng8f6
2.c4 c5
3.Nb1c3 e6
4.g3 b6
5.Bf1g2 Bc8b7
6.O-O Bf8e7
7.d4 cxd4
8.Qd1xd4 d6
9.Bc1g5 a6
10.Bg5xf6 Be7xf6
11.Qd4f4 O-O
12.Rf1d1 Bf6e7
13.Nc3e4 Bb7xe4
14.Qf4xe4 Ra8a7
15.Nf3d4 Qd8c8
16.b3 Rf8e8
17.a4 Qc8c5
18.e3 Be7f6
19.Ra1a2 Ra7c7
20.Ra2d2 g6
21.Qe4b1 Re8c8
22.b4 Qc5e5
23.Nd4f3 Qe5h5
24.Rd2xd6 Rc7xc4
25.Rd6xb6 Nb8c6
26.b5 Nc6b4
27.Nf3d2 Qh5xd1
28.Qb1xd1 Rc4c1
29.Qd1xc1 Rc8xc1
30.Bg2f1 axb5
31.axb5 Rc1d1
32.Nd2c4 Kf8
33.Rb6b7 Nb4d3
34.b6 Nd3e5
35.Rb7c7 Ne5xc4
36.b7 Rd1b1
37.Rc7c8 Ke7
38.b8Q Rb1xb8
39.Rc8xb8 Nc4d6
40.Bf1d3 Kd7
41.Kg2 Kc6
42.Rb8a8 Kb7
43.Ra8a2 Bf6g7
44.f4 e5
45.e4 Kc6
46.Ra2a6 Kd7
47.Kf3 Kc7
48.Bd3c2 exf4
49.gxf4 Bg7d4
50.Bc2a4 Bd4b6
51.e5 Nd6b7
52.Ra6a8 Nb7d8
53.Ba4e8 Kb7
54.Ra8a1 h5
55.Ra1d1 Kc7
56.Ke4 Bb6f2
57.f5 gxf5
58.Kxf5 Bf2h4
59.Rd1d7 Kc8
60.Rd7d6 Bh4e7
61.Rd6d4 h4
62.h3 Kb8
63.Rd4d7 { resign }
1-0

[Event "Tourn. n8358"]
[Site "www.chess-mail.com"]
[Date "2015.10.17"]
[Round "1"]
[White "Neo"]
[Black "Jhw"]
[WhiteElo "1750"]
[BlackElo "1900"]
[Result "0-1"]
[Round "1"]
1.d4 c5
2.dxc5 Qd8a5
3.Bc1d2 Qa5xc5
4.e3 e5
5.a3 d5
6.c3 Nb8c6
7.b4 Qc5d6
8.Ng1f3 Bf8e7
9.g3 Bc8f5
10.Bf1g2 h6
11.O-O g5
12.Qd1a4 Bf5d3
13.Rf1c1 b5
14.Qa4b3 a5
15.bxa5 Nc6xa5
16.Qb3d1 f5
17.c4 dxc4
18.Nb1c3 Ra8b8
19.Nf3e1 Na5b3
20.Nc3xb5 Rb8xb5
21.a4 Rb5b8
22.Ne1xd3 Nb3xa1
23.Bd2b4 Qd6xd3
24.Bg2c6 Kf8
25.Bb4xe7 Ng8xe7
26.Rc1xa1 Ne7xc6
27.Qd1c1 Rh8h7
28.Ra1a3 Rb8b3
29.Ra3a1 Rh7b7
30.Kg2 Rb3b1
31.Ra1xb1 Rb7xb1
32.Qc1xb1 Qd3xb1
{ resign }
0-1

[Event "Tourn. n8413"]
[Site "www.chess-mail.com"]
[Date "2015.10.17"]
[Round "1"]
[White "Schwiizer"]
[Black "Karousek"]
[WhiteElo "2770"]
[BlackElo "2310"]
[Result "1-0"]
[Round "1"]
1.e4 c5
2.Ng1f3 e6
3.d4 cxd4
4.Nf3xd4 Nb8c6
5.Nb1c3 a6
6.Bc1e3 Qd8c7
7.Bf1e2 Ng8f6
8.f4 d6
9.g4 e5
10.Nd4xc6 Qc7xc6
11.Be2f3 h5
12.gxh5 Bc8e6
13.f5 Be6c4
14.h6 gxh6
15.Qd1d2 Ra8c8
16.O-O-O b5
17.Kb1 b4
18.Nc3d5 Bc4xd5
19.exd5 Qc6b7
20.Qd2e1 Bf8e7
21.Rh1g1 e4
22.Bf3h1 Qb7c7
23.Rd1d2 Nf6xd5
24.Rd2xd5 { resign }
1-0

[Event "Tourn. n8371"]
[Site "www.chess-mail.com"]
[Date "2015.10.17"]
[Round "1"]
[White "Gatrooper"]
[Black "Huw"]
[WhiteElo "1450"]
[BlackElo "1439"]
[Result "0-1"]
[Round "1"]
1.e4 e5
2.a3 c5
3.c4 Ng8f6
4.Nb1c3 Nb8c6
5.h3 d6
6.Ng1f3 Bc8e6
7.d3 Nf6d7
8.d4 cxd4
9.Nc3e2 Be6xc4
10.Ne2g3 Bc4xf1
11.Ng3xf1 Nd7f6
12.Bc1g5 Bf8e7
13.Bg5xf6 Be7xf6
14.Nf1d2 O-O
15.Nd2c4 b5
16.Nc4d2 a5
17.O-O b4
18.axb4 Nc6xb4
19.Nd2c4 Bf6e7
20.g3 f5
21.exf5 Rf8xf5
22.g4 Rf5f4
23.Qd1b3 Kh8
24.Rf1d1 Qd8f8
25.Nc4b6 Rf4xf3
26.Nb6d7 Rf3xb3
27.Nd7xf8 Be7xf8
28.h4 Rb3xb2
29.Rd1f1 a4
30.f3 a3
31.h5 Nb4c2
32.Ra1c1 a2
33.g5 a1Q
34.Rc1xa1 Ra8xa1
35.Rf1xa1 Nc2xa1
36.g6 h6
37.Kf1 d3
38.Ke1 Rb2h2
39.Kd1 Na1b3
40.Ke1 d5
41.f4 Bf8c5
42.Kf1 d2
{ resign }
0-1

[Event "Tourn. n8413"]
[Site "www.chess-mail.com"]
[Date "2015.10.17"]
[Round "1"]
[White "Aperturaf"]
[Black "Cathar"]
[WhiteElo "2390"]
[BlackElo "2260"]
[Result "1-0"]
[Round "1"]
1.e4 Ng8f6
2.e5 Nf6d5
3.Nb1c3 e6
4.Ng1f3 Bf8e7
5.Nc3xd5 exd5
6.d4 d6
7.Bf1d3 Nb8c6
8.c3 Bc8g4
9.Bc1f4 dxe5
10.dxe5 Qd8d7
11.h3 Bg4h5
12.O-O Nc6d8
13.Qd1e2 Nd8e6
14.Bf4e3 O-O
15.Ra1d1 a6
16.c4 d4
17.g4 Kh8
18.Bd3f5 Bh5g6
19.Nf3xd4 { resign }
1-0

[Event "Tourn. n8412"]
[Site "www.chess-mail.com"]
[Date "2015.10.17"]
[Round "1"]
[White "Neo"]
[Black "Gegonz"]
[WhiteElo "1830"]
[BlackElo "1770"]
[Result "1-0"]
[Round "1"]
1.e3 e6
2.d4 Bf8e7
3.g3 d6
4.Bf1g2 Nb8c6
5.c3 Bc8d7
6.Ng1e2 Ng8f6
7.O-O O-O
8.Ne2f4 e5
9.dxe5 dxe5
10.Nf4h5 Nf6xh5
11.Nb1a3  { time }
1-0

[Event "Tourn. n8355"]
[Site "www.chess-mail.com"]
[Date "2015.10.17"]
[Round "1"]
[White "Panamski"]
[Black "Hundegana"]
[WhiteElo "2160"]
[BlackElo "1960"]
[Result "1-0"]
[Round "1"]
1.e4 c5
2.Ng1f3 d6
3.Bf1b5 Bc8d7
4.Bb5xd7 Nb8xd7
5.O-O Ng8f6
6.Rf1e1 e5
7.c4 Bf8e7
8.d3 Ra8b8
9.a4 a5
10.Bc1d2 O-O
11.h3 Nf6e8
12.Nb1c3 f5
13.Nc3d5 Ne8c7
14.Bd2xa5 b6
15.Ba5d2 Nc7xd5
16.exd5 Be7f6
17.Bd2c3 Rf8e8
18.Qd1c2 g6
19.Kf1 Kg7
20.Nf3d2 h5
21.Re1e2 Kh6
22.Ra1e1 Re8e7
23.Nd2b1 g5
24.Nb1a3 Rb8b7
25.Na3b5 Nd7b8
26.Qc2d2 Nb8a6
27.g3 Na6c7
28.Nb5xc7 Rb7xc7
29.b3 Kg6
30.f4 gxf4
31.gxf4 Re7g7
32.fxe5 dxe5
33.Bc3xe5 Rc7f7
34.Be5xf6 Rf7xf6
35.Re2g2 Kh7
36.Rg2xg7 Kxg7
37.Qd2g5 Kh7
38.Qg5xh5 Kg7
39.Re1e8 Rf6h6
40.Qh5xh6 Kxh6
41.Re8xd8 Kg5
42.Kf2 Kf4
43.Rd8e8 Kg5
44.Kf3 Kh4
45.Re8g8 Kxh3
46.Rg8h8 
1-0

[Event "Tourn. n8381"]
[Site "www.chess-mail.com"]
[Date "2015.10.17"]
[Round "1"]
[White "Huw"]
[Black "Gatrooper"]
[WhiteElo "1639"]
[BlackElo "1500"]
[Result "1-0"]
[Round "1"]
1.e4 e5
2.Ng1f3 Nb8c6
3.Bf1b5 a6
4.Bb5a4 h6
5.O-O b5
6.Ba4b3 d6
7.c3 Bc8e6
8.d4 exd4
9.cxd4 Be6xb3
10.Qd1xb3 Ng8f6
11.a4 Ra8b8
12.e5 dxe5
13.dxe5 Nf6e4
14.e6 fxe6
15.Qb3xe6 Nc6e7
16.Qe6xe4 bxa4
17.Qe4xa4 c6
18.Qa4xa6 g5
19.Nb1c3 Bf8g7
20.Rf1e1 O-O
21.Re1e6 Bg7xc3
22.bxc3 Qd8d1
23.Re6e1 Qd1d7
24.Bc1a3 Rf8f7
25.Nf3e5 Rb8a8
26.Qa6xa8 Rf7f8
27.Qa8xf8 Kxf8
28.Ne5xd7 Kf7
29.Re1xe7 Kg6
30.g4 h5
31.h3 hxg4
32.hxg4 Kh6
33.Ra1e1 Kg6
34.Re1e6 { resign }
1-0

[Event "Tourn. n8409"]
[Site "www.chess-mail.com"]
[Date "2015.10.17"]
[Round "1"]
[White "Gatrooper"]
[Black "Dspillman"]
[WhiteElo "1620"]
[BlackElo "1610"]
[Result "0-1"]
[Round "1"]
1.e4 e5
2.a3 Ng8f6
3.Nb1c3 g6
4.h3 a6
5.d3 c6
6.Ng1f3 Bf8d6
7.Bc1g5 a5
8.Bg5xf6 Qd8xf6
9.Bf1e2 b5
10.Qd1d2 Nb8a6
11.O-O-O b4
12.Nf3g5 bxa3
13.bxa3 Bd6xa3
14.Kb1 Qf6d6
15.Nc3a2 Ra8b8
16.Ka1 Ba3b2
17.Kb1 Bb2c3
18.Kc1 Qd6a3

0-1

[Event "Tourn. n8416"]
[Site "www.chess-mail.com"]
[Date "2015.10.17"]
[Round "1"]
[White "Norlavuaram"]
[Black "Luban"]
[WhiteElo "2150"]
[BlackElo "2120"]
[Result "1-0"]
[Round "1"]
1.e4 c5
2.Ng1f3 d6
3.Bf1b5 Bc8d7
4.Bb5xd7 Qd8xd7
5.c4 Nb8c6
6.Nb1c3 g6
7.O-O Bf8g7
8.d3 e6
9.Bc1e3 Ng8e7
10.Qd1d2 a6
11.a3 O-O
12.Be3h6 d5
13.exd5 exd5
14.Bh6xg7 Kxg7
15.Rf1e1 dxc4
16.dxc4 Qd7xd2
17.Nf3xd2 Rf8e8
18.Nd2e4 b6
19.Ra1d1 Re8d8
20.Nc3d5 Ne7xd5
21.cxd5 Nc6d4
22.Ne4c3 Ra8a7
23.h3 b5
24.Re1e3 Ra7d7
25.b4 cxb4
26.axb4 Nd4c2
27.Re3e4 g5
28.g4 Rd7c7
29.Rd1d3 Rd8d6
30.Rd3f3 Rc7c4
31.Re4e7 Rd6f6
32.Rf3d3 Rc4d4
33.Rd3xd4 Nc2xd4
34.Nc3e4 Nd4f3
35.Kg2 Nf3e1
36.Kf1 { resign }
1-0

[Event "Tourn. n8335"]
[Site "www.chess-mail.com"]
[Date "2015.10.17"]
[Round "1"]
[White "Julianlore"]
[Black "Tartan"]
[WhiteElo "2560"]
[BlackElo "2490"]
[Result "1-0"]
[Round "1"]
1.e4 c5
2.Ng1f3 Nb8c6
3.d4 cxd4
4.Nf3xd4 g6
5.Nb1c3 Bf8g7
6.Bc1e3 Ng8f6
7.Bf1e2 O-O
8.O-O d5
9.exd5 Nf6xd5
10.Nc3xd5 Qd8xd5
11.Be2f3 Qd5a5
12.Nd4xc6 bxc6
13.c3 Ra8b8
14.Qd1c1 Qa5c7
15.Rf1d1 Bc8f5
16.Be3c5 Bg7e5
17.g3 Be5d6
18.Bc5xd6 exd6
19.b3 Rf8e8
20.c4 Bf5e4
21.Qc1c3 Be4xf3
22.Qc3xf3 Re8e5
23.Rd1e1 d5
24.Qf3c3 Rb8e8
25.Re1xe5 Qc7xe5
26.Qc3xe5 Re8xe5
27.cxd5 cxd5
28.Ra1d1 g5
29.Rd1d4 Kg7
30.h4 gxh4
31.Rd4xh4 Re5e4
32.Kg2 Re4xh4
33.gxh4 Kf6
34.Kf3 { resign }
1-0

[Event "Match"]
[Site "www.echecsemail.com"]
[Date "2015.10.17"]
[Round "1"]
[White "Whitekknight"]
[Black "Azorau"]
[WhiteElo "1910"]
[BlackElo "1920"]
[Result "0-1"]
[Round "1"]
1.e4 e5
2.Ng1f3 Nb8c6
3.Bf1c4 f6
4.c3 Bf8c5
5.O-O b6
6.Bc4d5 Bc8b7
7.b4 Bc5e7
8.d4 Be7d6
9.Bc1e3 Bb7a6
10.Rf1e1 Ng8e7
11.a4 Ba6b7
12.dxe5 fxe5
13.Nb1d2 Ne7g6
14.Nf3g5 Qd8f6
15.Bd5f7 Kd8
16.Bf7b3 Kc8
17.Qd1f3 Qf6xf3
18.Nd2xf3 Bd6e7
19.Ra1d1 d6
20.Bb3e6 Kb8
21.Kh1 Be7xg5
22.Nf3xg5 Nc6e7
23.f3 Bb7c8
24.Be6xc8 Kxc8
25.a5 Kd7
26.h4 Ng6xh4
27.Ng5f7 Rh8f8
28.Nf7xe5 Ke6
29.Be3f2 Nh4g6
30.Ne5xg6 hxg6
31.g4 Rf8xf3
32.Bf2d4 Ra8h8
33.Kg2 Rf3f4
34.Bd4xg7 Rh8h4
35.Rd1d3 Rf4xg4
36.Kf3 Rg4f4
37.Kg3 g5
38.Rd3f3 Rf4g4
39.Kf2 Kd7
40.e5 Rh4h2
41.Ke3 d5
42.Kd3 Rg4g2
43.Re1d1 g4
44.Rf3f1 c5
45.e6 Kxe6
46.Rf1e1 Kd7
47.Bg7e5 Rh2h3
48.Re1e3 c4
49.Kd4 Ne7f5
50.Kxd5 Nf5xe3
{ resign }
0-1

[Event "Match"]
[Site "www.echecsemail.com"]
[Date "2015.10.17"]
[Round "1"]
[White "Coraza8091"]
[Black "Huw"]
[WhiteElo "1659"]
[BlackElo "999"]
[Result "0-1"]
[Round "1"]
1.e4 e5
2.Qd1f3 Nb8c6
3.Bf1c4 Ng8f6
4.Qf3b3 d5
5.exd5 Nc6d4
6.Qb3d3 Bc8f5
7.Qd3c3 Nd4xc2
8.Kf1 Bf8b4
9.Qc3b3 O-O
10.Ng1e2 Bb4c5
11.d4 Nc2xa1
12.Qb3f3 Bf5xb1
13.dxc5 Bb1e4
14.Qf3h3 Na1c2
15.Qh3b3 Nf6xd5
16.Bc4xd5 Qd8xd5
17.Qb3xd5 Be4xd5
18.b3 Ra8d8
19.Bc1g5 f6
20.Bg5h4 a5
21.f3 Nc2b4
22.a3 Nb4c2
23.Kf2 Bd5xb3
24.Ne2c1 Rd8d2
25.Kg3 Bb3c4
26.Rh1g1 g5
27.Kg4 gxh4
28.Kxh4 f5
29.h3 Rf8f6
30.g4 f4
31.Kg5 Kg7
32.h4 h6
33.Kh5 Bc4f7
{ resign }
0-1

[Event "Match"]
[Site "www.echecsemail.com"]
[Date "2015.10.17"]
[Round "1"]
[White "Goosebumps"]
[Black "Ruko"]
[WhiteElo "1699"]
[BlackElo "1910"]
[Result "1/2-1/2"]
[Round "1"]
1.e4 e5
2.Ng1f3 Nb8c6
3.Bf1c4 Bf8c5
4.b4 Bc5b6
5.c3 Ng8f6
6.d3 d6
7.Bc1g5 O-O
8.O-O h6
9.Bg5e3 Bc8g4
10.Nb1d2 a6
11.Qd1b3 Qd8d7
12.Rf1e1 Bg4e6
13.Be3xb6 cxb6
14.d4 exd4
15.cxd4 Be6xc4
16.Nd2xc4 Qd7c7
17.Ra1c1 Ra8c8
18.Nc4d2 Qc7d7
19.a3 b5
{ draw }
1/2-1/2

[Event "Match"]
[Site "www.echecsemail.com"]
[Date "2015.10.17"]
[Round "1"]
[White "Billyg"]
[Black "Jhw"]
[WhiteElo "1630"]
[BlackElo "1900"]
[Result "1-0"]
[Round "1"]
1.e4 e5
2.Ng1f3 Nb8c6
3.Bf1b5 Qd8f6
4.O-O b6
5.Rf1e1 Bc8b7
6.Bb5xc6 Bb7xc6
7.d4 d6
8.d5 Bc6d7
9.h3 g6
10.Bc1g5 Qf6g7
11.Nb1c3 h6
12.Bg5e3 g5
13.Qd1d3 Ng8f6
14.Nf3d2 h5
15.Nc3b5 Bd7xb5
16.Qd3c3 O-O-O
17.b3 h4
18.a4 Bb5a6
19.a5 Nf6d7
20.Nd2f3 g4
21.hxg4 Qg7xg4
22.Nf3h2 Qg4g6
23.Be3d2 Bf8e7
24.axb6 Rd8g8
25.g3 Nd7f6
26.Kh1 Nf6xe4
27.Qc3xc7 { resign }
1-0

[Event "Match"]
[Site "www.echecsemail.com"]
[Date "2015.10.17"]
[Round "1"]
[White "Stevo100"]
[Black "Pare123"]
[WhiteElo "1830"]
[BlackElo "2020"]
[Result "0-1"]
[Round "1"]
1.d4 e6
2.Bc1f4 d6
3.e3 Bf8e7
4.Ng1f3 Nb8c6
5.c3 Ng8f6
6.h3 O-O
7.Bf1d3 h6
8.Nb1d2 b6
9.Qd1e2 Bc8b7
10.O-O Nf6d5
11.Bf4g3 Rf8e8
12.e4 Nd5f6
13.e5 dxe5
14.dxe5 Nf6d7
15.Qe2e4 Nd7f8
16.Ra1d1 Nc6a5
17.Qe4e3 Be7c5
18.Qe3e2 Bc5e7
19.Nd2e4 Qd8c8
20.Nf3d4 c5
21.Nd4b5 a6
22.Nb5d6 Qc8c7
23.Nd6xe8 Ra8xe8
24.Ne4d6 Be7xd6
25.exd6 Qc7c6
26.Bd3e4 Qc6d7
27.Rd1d3 Re8d8
 { time }
0-1

[Event "Match"]
[Site "www.echecsemail.com"]
[Date "2015.10.17"]
[Round "1"]
[White "Tomcapp"]
[Black "Tendoi"]
[WhiteElo "1690"]
[BlackElo "1329"]
[Result "1-0"]
[Round "1"]
1.d4 Ng8f6
2.Bc1g5 Nf6e4
3.Qd1d3 Ne4xg5
4.Ng1f3 Ng5xf3
5.Qd3xf3 g6
6.e3 Bf8g7
7.Bf1c4 O-O
8.O-O  { time }
1-0

[Event "Match"]
[Site "www.echecsemail.com"]
[Date "2015.10.17"]
[Round "1"]
[White "Pinehill"]
[Black "Paco"]
[WhiteElo "1870"]
[BlackElo "1840"]
[Result "1-0"]
[Round "1"]
1.e4 e5
2.d4 exd4
3.c3 dxc3
4.Bf1c4 cxb2
5.Bc1xb2 Bf8b4
6.Kf1 Qd8h4
7.Nb1c3 Ng8f6
8.Ng1f3 Qh4h5
9.Kg1 Nb8c6
10.a3 Bb4xc3
11.Bb2xc3 d6
12.Bc3xf6 gxf6
13.h3 Rh8g8
14.Kh2 Qh5g6
15.Nf3h4 Qg6g5
16.g3 Qg5c5
17.Qd1c2 Nc6d4
18.Qc2d3 b5
19.Rh1d1 bxc4
20.Qd3xd4 Ke7
21.Qd4xc5 dxc5
22.Nh4f5 Ke6
23.f4 Bc8b7
24.Nf5h6 Rg8g6
25.f5 Ke7
26.fxg6 fxg6
27.Ra1c1 Bb7xe4
28.Rc1xc4 f5
29.Rc4xc5 c6
30.Rd1d2 Kf6
31.g4 f4
32.Rd2d6 Kg7
33.g5 f3
34.Kg1 Ra8f8
35.Kf2 Rf8f4
36.Rc5e5 Be4d5
37.Rd6d7 Kf8
38.Rd7xa7 Bd5f7
39.Ra7xf7 Rf4xf7
40.Nh6xf7 Kxf7
41.Kxf3 Kf8
42.a4 { resign }
1-0

[Event "Match"]
[Site "www.echecsemail.com"]
[Date "2015.10.17"]
[Round "1"]
[White "Ericleo1980"]
[Black "Drdoom"]
[WhiteElo "2260"]
[BlackElo "1760"]
[Result "1-0"]
[Round "1"]
1.d4 e6
2.c4 d5
3.Nb1c3 Bf8b4
4.Qd1a4 Nb8c6
5.Bc1d2 Bb4xc3
6.Bd2xc3 Bc8d7
7.cxd5 exd5
8.Qa4c2 Ng8f6
9.f3 a6
10.e3 Qd8e7
11.Bc3d2 O-O
12.Kf2 Rf8e8
13.a3 b5
14.b4 Qe7d6
15.Bf1d3 g6
16.Ra1c1 Nc6e7
17.Qc2xc7 Qd6xc7
18.Rc1xc7 Ne7c6
19.g4 g5
20.h4 h6
21.Ng1h3 Re8d8
22.hxg5 hxg5
23.Nh3xg5 Ra8b8
24.Rh1c1 Rb8b6
25.Bd3f5 Nf6e8
26.Rc7xd7 Rd8xd7
27.Bf5xd7 { resign }
1-0

[Event "Match"]
[Site "www.echecsemail.com"]
[Date "2015.10.17"]
[Round "1"]
[White "Ericleo1980"]
[Black "Geodad5"]
[WhiteElo "2250"]
[BlackElo "2180"]
[Result "1-0"]
[Round "1"]
1.e4 c5
2.Ng1f3 d6
3.d4 cxd4
4.Nf3xd4 Ng8f6
5.Nb1c3 g6
6.Bc1e3 Bf8g7
7.f3 O-O
8.Bf1c4 Bc8d7
9.Qd1d2 Nb8c6
10.O-O-O a6
11.g4 Ra8c8
12.Bc4b3 Nc6a5
13.h4 Na5xb3
14.axb3 b5
15.h5 e5
16.Nd4f5 gxf5
17.gxf5 Nf6e8
18.Rd1g1 Kh8
19.h6 Bg7f6
20.Nc3d5 Bd7c6
21.Be3b6 Qd8d7
22.Nd5xf6 Ne8xf6
23.Qd2g5 Nf6e8
24.Rg1g2 f6
25.Qg5h4 d5
26.Rh1g1 dxe4
27.fxe4 Qd7e7
28.Qh4g4 Qe7f7
29.Bb6c5 Ne8c7
30.Bc5xf8 Rc8xf8
31.Qg4g7 { resign }
1-0

[Event "Match"]
[Site "www.echecsemail.com"]
[Date "2015.10.17"]
[Round "1"]
[White "Pare123"]
[Black "Ericleo1980"]
[WhiteElo "1970"]
[BlackElo "2260"]
[Result "1/2-1/2"]
[Round "1"]
1.c4 Ng8f6
2.Nb1c3 d5
3.cxd5 Nf6xd5
4.e4 Nd5xc3
5.bxc3 c5
6.Bf1c4 Nb8d7
7.Qd1b3 e6
8.Ng1f3 Bf8e7
9.O-O O-O
10.d4 cxd4
11.cxd4 Qd8b6
12.Qb3d3 Qb6a5
13.a4 a6
14.Bc1b2 Qa5h5
15.h3 b6
16.d5 exd5
17.Bc4xd5 Ra8b8
18.Qd3c3 Nd7f6
19.Bd5c6 Bc8e6
20.Qc3e5 Qh5xe5
21.Bb2xe5 Rb8c8
22.Bc6b7 Rc8c5
23.Be5d4 Rc5c7
24.Bb7xa6 Nf6xe4
25.Bd4xb6 Rc7c6
26.a5 Be7f6
27.Ra1a4 Ne4c5
28.Ba6b5 Rc6c8
29.Ra4a3 Bf6b2
30.Ra3e3 Be6d5
31.Rf1d1 Bd5a8
32.Nf3d2 Bb2f6
33.Nd2c4 Nc5e4
34.f3 Ne4c3
35.Re3xc3 Bf6xc3
36.Nc4d6 Rc8d8
37.Rd1d3 Bc3b4
38.Bb6xd8 Rf8xd8
39.Nd6e4 Rd8xd3
40.Bb5xd3 Ba8xe4
{ draw }
1/2-1/2